| 000 | 01180nam a2200265 u 4500 | ||
|---|---|---|---|
| 001 | 000585164 | ||
| 003 | AM-YeHGA | ||
| 005 | 20250617141347.0 | ||
| 008 | 080610s1977 rm |||||r|||||000|0|rus|d | ||
| 040 | _aAM-YeHGA | ||
| 041 | 0 | _arus | |
| 100 | 1 | _aМилку, Шт.-М. | |
| 245 | 1 | 0 |
_aФармакодинамика вырабатываемых тимусом сходно-гормональных веществ / _cШт.-М. Милку, И. Потоп ; [пер. с рум. Я. Анненкова]. |
| 250 | _aИзд. доп. и перераб. | ||
| 260 |
_aБухарест : _bИзд-во Академии Социалистической Республики Румынии, _c1977. |
||
| 300 |
_a187 с. : _bрис., табл. ; _c25 см. |
||
| 504 | _aСписок лит. в конце разд. | ||
| 650 | 1 | 4 |
_aТимуса гормоны _vФармакокинетика |
| 650 | 1 | 4 | _aТимуса экстракты |
| 650 | 1 | 4 | _aГормонозамещающая терапия |
| 650 | 1 | 4 | _aМетаболические процессы |
| 700 | 1 | _aПотоп, Изабелла | |
| 700 | 1 |
_aАнненков, Я. _eпер. _4trl |
|
| 090 | _c238705 | ||
| 999 |
_c237135 _d237135 |
||